লোডিং...

Data Structures and Algorithms analysis in C++

গ্রন্থ-পঞ্জীর বিবরন
প্রধান লেখক: Weiss, Mark Allen
বিন্যাস: Printed Book
ভাষা:English
প্রকাশিত: Addison-Wesley Publishing 1994
LEADER 00619nam a2200217 a 4500
001 CS96000001
003 imported from koha2.9 by LV-1053
005 20160322165053.0
008 960221s1955 dcuabcdjdbkoqu001 0deng d
040 |c S 
245 |a Data Structures and Algorithms analysis in C++ 
100 |a Weiss, Mark Allen 
500
942 |c BK  |6 _ 
020 |a 0-8053-5443-3 
260 |b Addison-Wesley Publishing  |c 1994 
300 |a 498 
082 |a 004.422.63 
250
999 |c 153354  |d 153354 
952 |0 0  |1 0  |4 0  |6 00442263_  |7 0  |9 201013  |a DCS  |b DCS  |d 2013-09-07  |o 004.422.63  |p MCS02802  |r 2013-09-07  |w 0000-00-00  |y BK